| Tag |
First Indicator |
Second Indicator |
Subfields |
| LEADER |
00000cam a2200000 a 4500 |
| 001 |
in00000006980 |
| 005 |
20151004070024.0 |
| 008 |
831216s1983 nju br 00010 eng |
| 010 |
|
|
|a 83187448
|
| 020 |
|
|
|a 0882270184
|
| 035 |
|
|
|a (OCoLC)10349936
|
| 035 |
|
|
|9 AAA1443AM
|
| 040 |
|
|
|a DLC
|c DLC
|d m/c
|d TXA
|d UtOrBLW
|
| 043 |
|
|
|a n-us---
|
| 049 |
|
|
|a TXAM
|c [A10754836]
|
| 050 |
0 |
0 |
|a TS533.2
|b .S443 1983
|
| 082 |
0 |
|
|a 683.4/0092/2
|2 19
|
| 100 |
1 |
|
|a Sellers, Frank M.
|
| 245 |
1 |
0 |
|a American gunsmiths :
|b a source book : a comprehensive listing of the American gun maker, patentee, gunsmith, and entrepreneur /
|c Frank M. Sellers.
|
| 264 |
|
1 |
|a Highland Park, N.J. :
|b Gun Room Press,
|c 1983.
|
| 300 |
|
|
|a vii, 349 pages ;
|c 29 cm.
|
| 336 |
|
|
|a text
|b txt
|2 rdacontent
|
| 337 |
|
|
|a unmediated
|b n
|2 rdamedia
|
| 338 |
|
|
|a volume
|b nc
|2 rdacarrier
|
| 504 |
|
|
|a Bibliography: pages 345-349.
|
| 650 |
|
0 |
|a Gunsmiths
|z United States
|x Directories.
|
| 999 |
|
|
|a MARS
|
| 999 |
f |
f |
|s f01a95de-2600-3d49-8be8-73ceccaa4d00
|i feec1df4-1400-369c-b796-1d1319ce5275
|t 0
|
| 952 |
f |
f |
|p ric
|a Texas A&M University
|b Rellis Campus
|c Joint Library Facility
|d Remote Storage
|t 0
|e TS533.2 .S443 1983
|h Library of Congress classification
|i unmediated -- volume
|m A14810754836
|
| 998 |
f |
f |
|a TS533.2 .S443 1983
|t 0
|l Remote Storage
|